| 000 | 00850ctm a22002175a 4500 | ||
|---|---|---|---|
| 001 | L140693 | ||
| 008 | 071005s1830 xxk eng u | ||
| 035 | _a(Sirsi) u140693 | ||
| 041 | 0 | _aeng | |
| 100 | 1 | _aGoodman, S. | |
| 245 | 0 | 1 |
_a[Transcript of] particulars of a valuable and highly desirable collegehold enclosed dairy and arable farm situate at Salford in the county of Bedford, to be sold at auction by S. Goodman on Wednesday the 24th day of November 1830... _h[manuscript] |
| 250 | _aTranscript of original document | ||
| 260 | _cn.d. | ||
| 300 |
_a4 leaves _c33 x 20 cm. |
||
| 340 | _aTypescript | ||
| 351 | _cSingle item | ||
| 500 | _aUndated typed transcript of the original sale catalogue. | ||
| 651 | 4 | _aBedfordshire | |
| 690 | _aPROPERTY-PROPERTY ACQUISITION AND DISPOSAL-ACQUISITION AND DISPOSAL AT AUCTION | ||
| 942 | _n0 | ||
| 999 |
_c116431 _d116431 |
||